[Event "HUN-chT2 Szechenyi 1819"]
[Site "Hungary"]
[Date "2019.01.27"]
[Round "4.4"]
[White "Horvath, Tamas4444"]
[Black "Tamas, Gyorgy"]
[Result "1/2-1/2"]
[WhiteElo "2124"]
[BlackElo "1947"]
[PlyCount "102"]
[EventDate "2018.10.28"]
[EventType "team-tourn"]
[EventRounds "9"]
[EventCountry "HUN"]
[SourceTitle "EXT 2021"]
[Source "ChessBase"]
[SourceDate "2020.10.23"]
[SourceVersion "1"]
[SourceVersionDate "2020.10.23"]
[SourceQuality "1"]
[WhiteTeam "Gyor Elektromos"]
[BlackTeam "Keszthely Spartacus"]
[WhiteTeamCountry "HUN"]
[BlackTeamCountry "HUN"]

1. Nf3 Nf6 2. c4 e6 3. d4 b6 4. a3 Bb7 5. Nc3 Be7 6. d5 0-0 7. e4 d6 8. Be2 e5 9. 0-0 Nbd7 10. h3 h6 11. Be3 Nh7 12. b4 a5 13. Qb3 Bc8 14. Rac1 Ng5 15. Nd2 axb4 16. axb4 Nh7 17. Nb5 Bg5 18. Ra1 Ba6 19. Bxg5 Nxg5 20. Ra2 Bxb5 21. cxb5 Nf6 22. Bd3 Rxa2 23. Qxa2 Nh5 24. h4 Nf4 25. Bc4 Nh7 26. g3 Qd7 27. Qb3 Qg4 28. Qf3 Qg6 29. Kh2 Nh5 30. Be2 N5f6 31. Rc1 Ne8 32. Bd3 Qf6 33. Qxf6 Nhxf6 34. Nf1 Ng4+ 35. Kg2 h5 36. f3 Nh6 37. Ne3 g6 38. g4 hxg4 39. fxg4 f6 40. Kg3 Kf7 41. g5 Ng8 42. Be2 Ke7 43. Rf1 fxg5 44. hxg5 Rxf1 45. Nxf1 Ng7 46. Ne3 Kf7 47. Kh4 Kf8 48. Bf3 Kf7 49. Ng4 Nh5 50. Nh6+ Nxh6 51. Bxh5 Ng8 1/2-1/2

[Event "HUN-chT2 Szechenyi 1718"]
[Site "Hungary"]
[Date "2017.11.26"]
[Round "2.5"]
[White "Kozma, Karoly"]
[Black "Tamas, Gyorgy"]
[Result "1/2-1/2"]
[WhiteElo "2286"]
[BlackElo "1924"]
[PlyCount "81"]
[EventDate "2017.10.29"]
[EventType "team-tourn"]
[EventRounds "9"]
[EventCountry "HUN"]
[SourceTitle "EXT 2021"]
[Source "ChessBase"]
[SourceDate "2020.10.23"]
[SourceVersion "1"]
[SourceVersionDate "2020.10.23"]
[SourceQuality "1"]
[WhiteTeam "Ajka Banyasz"]
[BlackTeam "Keszthely Spartacus"]
[WhiteTeamCountry "HUN"]
[BlackTeamCountry "HUN"]

1. Nf3 Nf6 2. g3 b6 3. Bg2 Bb7 4. 0-0 e6 5. c4 Be7 6. Nc3 0-0 7. Re1 d6 8. e4 c5 9. d4 cxd4 10. Nxd4 Qd7 11. b3 Nc6 12. Bb2 Rfd8 13. h3 Ne8 14. Qd2 Nxd4 15. Qxd4 Bf6 16. Qe3 Rac8 17. Rad1 Qc7 18. Nb5 Qb8 19. Bxf6 Nxf6 20. Nxd6 Rxd6 21. Rxd6 Qxd6 22. e5 Qc7 23. exf6 gxf6 24. Bxb7 Qxb7 25. Rd1 Qe7 26. Rd4 f5 27. Qd2 Rc7 28. a4 Kg7 29. a5 bxa5 30. Qxa5 Rc5 31. Qd2 a5 32. h4 h6 33. Kh2 Qf6 34. Qe3 Rc8 35. Qd3 Qe7 36. Rd7 Qf6 37. Qd2 a4 38. bxa4 Rxc4 39. a5 Ra4 40. Rb7 f4 41. Rb4 1/2-1/2

[Event "HUN-chT2 Szechenyi 1617"]
[Site "Hungary"]
[Date "2017.03.12"]
[Round "10.5"]
[White "Sashalmi, Adam"]
[Black "Tamas, Gyorgy"]
[Result "0-1"]
[WhiteElo "1793"]
[BlackElo "2014"]
[PlyCount "92"]
[EventDate "2016.09.25"]
[EventType "team-tourn"]
[EventRounds "11"]
[EventCountry "HUN"]
[SourceTitle "EXT 2021"]
[Source "ChessBase"]
[SourceDate "2020.10.23"]
[SourceVersion "1"]
[SourceVersionDate "2020.10.23"]
[SourceQuality "1"]
[WhiteTeam "Papa"]
[BlackTeam "Keszthely Spartacus"]
[WhiteTeamCountry "HUN"]
[BlackTeamCountry "HUN"]

1. e4 c5 2. c4 Nc6 3. Nf3 d6 4. Nc3 g6 5. Be2 Bg7 6. 0-0 Nf6 7. d3 0-0 8. Bg5 a6 9. Qd2 Rb8 10. a4 Bg4 11. h3 Bxf3 12. Bxf3 Nd4 13. Bd1 b5 14. axb5 axb5 15. cxb5 Nxb5 16. Nxb5 Rxb5 17. Ra2 Rb4 18. Re1 Qc7 19. Bf3 Rfb8 20. Bd1 Ne8 21. b3 Qb7 22. Bh6 Bd4 23. Be3 Ra8 24. Bxd4 Rxd4 25. Rb2 Ra1 26. Bc2 Rxe1+ 27. Qxe1 Nc7 28. Ra2 Rb4 29. Qa1 Rb6 30. Ra7 Ra6 31. Rxa6 Qxa6 32. Qxa6 Nxa6 33. Bd1 Nb4 34. Be2 Kg7 35. f3 Kf6 36. Kf2 Ke5 37. Ke3 Nc2+ 38. Kd2 Nd4 39. Bd1 Kf4 40. Kc3 Kg3 41. b4 Kxg2 42. Kc4 Kxh3 43. b5 Nxb5 44. Kxb5 Kg3 45. Kc4 h5 46. Be2 Kf2 0-1

[Event "HUN-chT2 Szechenyi 1617"]
[Site "Hungary"]
[Date "2017.02.26"]
[Round "9.5"]
[White "Tamas, Gyorgy"]
[Black "Kozma, Karoly"]
[Result "0-1"]
[WhiteElo "2014"]
[BlackElo "2284"]
[PlyCount "84"]
[EventDate "2016.09.25"]
[EventType "team-tourn"]
[EventRounds "11"]
[EventCountry "HUN"]
[SourceTitle "EXT 2021"]
[Source "ChessBase"]
[SourceDate "2020.10.23"]
[SourceVersion "1"]
[SourceVersionDate "2020.10.23"]
[SourceQuality "1"]
[WhiteTeam "Keszthely Spartacus"]
[BlackTeam "Ajka Banyasz"]
[WhiteTeamCountry "HUN"]
[BlackTeamCountry "HUN"]

1. d4 Nf6 2. c4 g6 3. Nc3 Bg7 4. e4 d6 5. Be3 0-0 6. Qd2 Ng4 7. Bg5 h6 8. Bh4 c5 9. dxc5 g5 10. Bg3 dxc5 11. Qxd8 Rxd8 12. h3 Bxc3+ 13. bxc3 Nf6 14. f3 Nc6 15. Bf2 b6 16. g4 Ne5 17. h4 Be6 18. hxg5 hxg5 19. Be3 Nh7 20. a4 Bxc4 21. Bxc4 Nxc4 22. Ke2 Rd7 23. Nh3 f6 24. Rhd1 Rad8 25. Rxd7 Rxd7 26. Nf2 Nf8 27. Nd3 e5 28. Bc1 Ne6 29. Rb1 Rh7 30. Be3 Kf7 31. Bf2 Rh2 32. Rd1 Ke7 33. Kf1 Rh1+ 34. Ke2 Rh3 35. Rc1 Nf4+ 36. Nxf4 exf4 37. Ra1 Ne5 38. a5 Rxf3 39. axb6 axb6 40. Ra6 Rxc3 41. Rxb6 Rc2+ 42. Kf1 Nxg4 0-1

[Event "HUN-chT2 Szechenyi 1516"]
[Site "Hungary"]
[Date "2016.03.20"]
[Round "9.3"]
[White "Schmikli, Laszlo"]
[Black "Tamas, Gyorgy"]
[Result "1-0"]
[WhiteElo "2218"]
[BlackElo "2016"]
[PlyCount "95"]
[EventDate "2015.09.13"]
[EventType "team-tourn"]
[EventRounds "11"]
[EventCountry "HUN"]
[SourceTitle "EXT 2017"]
[Source "ChessBase"]
[SourceDate "2016.10.25"]
[SourceVersion "1"]
[SourceVersionDate "2016.10.25"]
[SourceQuality "1"]
[WhiteTeam "Gyor Elektromos"]
[BlackTeam "Zala Volan"]
[WhiteTeamCountry "HUN"]
[BlackTeamCountry "HUN"]

1. e4 c5 2. c3 Nf6 3. d3 d6 4. f4 g6 5. Nf3 Nc6 6. g3 Bg7 7. Bg2 0-0 8. 0-0 c4 9. e5 dxe5 10. fxe5 Nd5 11. d4 Bf5 12. Na3 Na5 13. Ne1 Qd7 14. Qf3 Be6 15. Bg5 b5 16. Nac2 h6 17. Bd2 Rad8 18. Ne3 Nxe3 19. Bxe3 Bd5 20. Qe2 Nc6 21. Qc2 a5 22. Bxd5 Qxd5 23. Ng2 Qd7 24. Rae1 e6 25. Qc1 Kh7 26. Rf3 Ne7 27. g4 Nd5 28. Bxh6 f5 29. Rh3 Kg8 30. Qg5 fxg4 31. Qxg4 Qf7 32. Qg3 Bxh6 33. Rxh6 Kg7 34. Rh4 b4 35. h3 Qf3 36. Qg5 Qf2+ 37. Kh2 Rh8 38. Ree4 Rdf8 39. Qc1 bxc3 40. bxc3 Qf5 41. Reg4 Rxh4 42. Nxh4 Qf2+ 43. Ng2 Qf5 44. Qa3 Rh8 45. Rg3 Nf4 46. Qe7+ Kh6 47. Ne3 Qb1 48. Qg5+ 1-0

[Event "HUN-chT2 Szechenyi 1516"]
[Site "Hungary"]
[Date "2016.02.28"]
[Round "8.3"]
[White "Tamas, Gyorgy"]
[Black "Kozma, Karoly"]
[Result "1/2-1/2"]
[WhiteElo "2016"]
[BlackElo "2282"]
[PlyCount "41"]
[EventDate "2015.09.13"]
[EventType "team-tourn"]
[EventRounds "11"]
[EventCountry "HUN"]
[SourceTitle "EXT 2017"]
[Source "ChessBase"]
[SourceDate "2016.10.25"]
[SourceVersion "1"]
[SourceVersionDate "2016.10.25"]
[SourceQuality "1"]
[WhiteTeam "Zala Volan"]
[BlackTeam "Ajka Banyasz"]
[WhiteTeamCountry "HUN"]
[BlackTeamCountry "HUN"]

1. Nf3 Nf6 2. d4 g6 3. c4 Bg7 4. Nc3 0-0 5. e4 d6 6. Be2 Nbd7 7. 0-0 e5 8. dxe5 dxe5 9. Qc2 c6 10. Bg5 h6 11. Be3 Qe7 12. h3 a5 13. a3 Nh5 14. Qd2 Nc5 15. Rad1 Nf4 16. Bxf4 exf4 17. Qxf4 Bxc3 18. bxc3 Nxe4 19. Qxh6 Nxc3 20. Rde1 Qf6 21. Bd3 1/2-1/2

[Event "HUN-chT2 Szechenyi 1314"]
[Site "Hungary"]
[Date "2014.03.02"]
[Round "8.2"]
[White "Gaal, Alexander"]
[Black "Tamas, Gyorgy"]
[Result "1-0"]
[WhiteElo "1968"]
[BlackElo "2082"]
[PlyCount "95"]
[EventDate "2013.09.08"]
[EventType "team-tourn"]
[EventRounds "11"]
[EventCountry "HUN"]
[SourceTitle "EXT 2016"]
[Source "ChessBase"]
[SourceDate "2015.10.08"]
[SourceVersion "1"]
[SourceVersionDate "2015.10.08"]
[SourceQuality "1"]
[WhiteTeam "Szombathely Haladas III"]
[BlackTeam "Zala Volan"]
[WhiteTeamCountry "HUN"]
[BlackTeamCountry "HUN"]

1. e4 c5 2. c3 Nf6 3. e5 Nd5 4. d4 cxd4 5. cxd4 e6 6. Nf3 d6 7. Bd3 Nc6 8. 0-0 dxe5 9. dxe5 Ndb4 10. Be4 Qxd1 11. Rxd1 Bd7 12. a3 Na6 13. b4 Nc7 14. Be3 Nd8 15. Nc3 Bc6 16. Bxc6+ Nxc6 17. b5 Ne7 18. Bxa7 Ned5 19. Nxd5 Nxd5 20. Bd4 Ra4 21. g3 Be7 22. Bb2 0-0 23. Rd4 Rfa8 24. Rxa4 Rxa4 25. Nd4 h5 26. Kf1 Nb6 27. Ne2 Nc4 28. Bc1 Nxe5 29. Nc3 Rc4 30. Bd2 Nf3 31. Ke2 Ne5 32. f4 Nd7 33. Kd3 Rc8 34. Be3 f5 35. a4 e5 36. Nd5 e4+ 37. Kd2 Bf8 38. a5 Nc5 39. Ke2 Nb3 40. Ra2 Bc5 41. a6 bxa6 42. bxa6 Rd8 43. Nc7 Ba7 44. Nb5 Bxe3 45. Kxe3 Nc1 46. Ra3 Rd1 47. a7 Re1+ 48. Kf2 1-0

[Event "HUN-chT2 Szechenyi 1112"]
[Site "Hungary"]
[Date "2011.11.13"]
[Round "3.3"]
[White "Samu, Ferenc"]
[Black "Tamas, Gyorgy"]
[Result "0-1"]
[WhiteElo "2151"]
[BlackElo "2101"]
[PlyCount "84"]
[EventDate "2011.09.25"]
[EventType "team-tourn"]
[EventRounds "11"]
[EventCountry "HUN"]
[SourceTitle "EXT 2013"]
[Source "ChessBase"]
[SourceDate "2012.11.22"]
[SourceVersion "1"]
[SourceVersionDate "2012.11.22"]
[SourceQuality "1"]
[WhiteTeam "Tapolca"]
[BlackTeam "Zala Volan"]
[WhiteTeamCountry "HUN"]
[BlackTeamCountry "HUN"]

1. e4 c5 2. Nf3 d6 3. c3 Nf6 4. Bb5+ Nbd7 5. Qe2 e6 6. 0-0 a6 7. Ba4 Be7 8. d3 0-0 9. Bg5 b5 10. Bc2 Bb7 11. Nbd2 Rc8 12. Ne1 h6 13. Bh4 e5 14. Bg3 Re8 15. c4 Nf8 16. f4 exf4 17. Bxf4 Ne6 18. Be3 Nh7 19. Nef3 Bf6 20. Rab1 Rc7 21. b3 b4 22. Rf2 Bc3 23. Nf1 f5 24. exf5 Nd4 25. Qd1 Nxf5 26. Bf4 Rf7 27. Bd2 Nd4 28. Bxc3 Nxf3+ 29. gxf3 bxc3 30. d4 Ng5 31. d5 Nh3+ 32. Kg2 Nxf2 33. Kxf2 Qh4+ 34. Kg2 Bc8 35. Ng3 Qg5 36. Qd3 Bf5 37. Qd1 Bxc2 38. Qxc2 Qe3 39. Rf1 Ref8 40. Qe4 Rxf3 41. Rxf3 Qxe4 42. Nxe4 Rxf3 0-1

[Event "HUN-chT2 Szechenyi 1112"]
[Site "Hungary"]
[Date "2011.10.30"]
[Round "2.3"]
[White "Tamas, Gyorgy"]
[Black "Marton, Gabriella"]
[Result "0-1"]
[WhiteElo "2101"]
[BlackElo "2068"]
[PlyCount "52"]
[EventDate "2011.09.25"]
[EventType "team-tourn"]
[EventRounds "11"]
[EventCountry "HUN"]
[SourceTitle "EXT 2013"]
[Source "ChessBase"]
[SourceDate "2012.11.22"]
[SourceVersion "1"]
[SourceVersionDate "2012.11.22"]
[SourceQuality "1"]
[WhiteTeam "Zala Volan"]
[BlackTeam "Arboretum"]
[WhiteTeamCountry "HUN"]
[BlackTeamCountry "HUN"]

1. Nf3 c5 2. e3 e6 3. b3 Nf6 4. Bb2 Be7 5. Be2 a6 6. 0-0 0-0 7. c4 b6 8. Nc3 Bb7 9. d4 cxd4 10. Qxd4 Nc6 11. Qd2 d6 12. Rfd1 Qc7 13. Rac1 Ne5 14. Nxe5 dxe5 15. e4 Bxe4 16. Nxe4 Nxe4 17. Qe3 f5 18. Rf1 Bg5 19. Qh3 Bxc1 20. Bxc1 Rad8 21. Ba3 Rf7 22. Qe3 Rfd7 23. f3 Nc5 24. b4 Nd3 25. c5 f4 26. cxb6 Qb7 0-1

[Event "HUN-chT2 Szechenyi 1011"]
[Site "Hungary"]
[Date "2011.04.10"]
[Round "8.3"]
[White "Tamas, Gyorgy"]
[Black "Gaal, Ede"]
[Result "1-0"]
[WhiteElo "2124"]
[BlackElo "2113"]
[PlyCount "79"]
[EventDate "2010.09.12"]
[EventType "team-tourn"]
[EventRounds "11"]
[EventCountry "HUN"]
[SourceTitle "EXT 2012"]
[Source "ChessBase"]
[SourceDate "2011.11.24"]
[SourceVersion "1"]
[SourceVersionDate "2011.11.24"]
[SourceQuality "1"]
[WhiteTeam "Zala Volan"]
[BlackTeam "Lovo"]
[WhiteTeamCountry "HUN"]
[BlackTeamCountry "HUN"]

1. d4 Nf6 2. Nf3 g6 3. c4 Bg7 4. Nc3 0-0 5. e4 d6 6. Be2 e5 7. dxe5 dxe5 8. 0-0 Na6 9. Qc2 c6 10. a3 Nc5 11. b4 Ne6 12. h3 Nh5 13. Rd1 Qe7 14. Be3 Nhf4 15. Bf1 b6 16. Rd2 Ng5 17. Nxg5 Qxg5 18. Kh2 Qh5 19. Qd1 f5 20. Qxh5 Nxh5 21. f3 Bf6 22. b5 c5 23. a4 Bh4 24. a5 Be6 25. Rd6 Kf7 26. axb6 axb6 27. Ra6 Be1 28. Nd5 Bxd5 29. exd5 Ba5 30. Rd7+ Kg8 31. Bh6 Rfe8 32. g4 fxg4 33. hxg4 Nf4 34. Rg7+ Kh8 35. Re7 Rab8 36. Raa7 Rxe7 37. Rxe7 Bc3 38. d6 Ra8 39. d7 Ra2+ 40. Kh1 1-0

[Event "HUN-chT2 Szechenyi 1011"]
[Site "Hungary"]
[Date "2010.11.21"]
[Round "6.2"]
[White "Gyarmati, Janos"]
[Black "Tamas, Gyorgy"]
[Result "1-0"]
[WhiteElo "2023"]
[BlackElo "2124"]
[PlyCount "71"]
[EventDate "2010.09.12"]
[EventType "team-tourn"]
[EventRounds "11"]
[EventCountry "HUN"]
[SourceTitle "EXT 2012"]
[Source "ChessBase"]
[SourceDate "2011.11.24"]
[SourceVersion "1"]
[SourceVersionDate "2011.11.24"]
[SourceQuality "1"]
[WhiteTeam "Tapolca"]
[BlackTeam "Zala Volan"]
[WhiteTeamCountry "HUN"]
[BlackTeamCountry "HUN"]

1. e4 c5 2. Nf3 d6 3. Bb5+ Bd7 4. Bxd7+ Qxd7 5. 0-0 Nc6 6. Qe2 Nf6 7. Rd1 g6 8. c3 Bg7 9. d4 cxd4 10. cxd4 0-0 11. Nc3 d5 12. Ne5 Qe6 13. exd5 Nxd5 14. Nxd5 Qxd5 15. Nxc6 bxc6 16. Qxe7 Rfe8 17. Qc5 Qxd4 18. Qxd4 Bxd4 19. Kf1 c5 20. Rb1 a5 21. b3 Red8 22. Bb2 Bxb2 23. Rxd8+ Rxd8 24. Rxb2 Rd1+ 25. Ke2 Rd4 26. Rc2 a4 27. Rxc5 axb3 28. axb3 Rb4 29. Rc3 Kf8 30. Re3 Rd4 31. f3 f5 32. g3 Kf7 33. Rd3 Rb4 34. Kd2 Ke6 35. Kc3 Rb7 36. f4 1-0

[Event "HUN-chT2 Szechenyi 0910"]
[Site "Hungary"]
[Date "2010.03.21"]
[Round "8.4"]
[White "Tamas, Gyorgy"]
[Black "Bajak, Andras"]
[Result "1-0"]
[WhiteElo "2128"]
[BlackElo "1962"]
[PlyCount "85"]
[EventDate "2009.11.08"]
[EventType "team-tourn"]
[EventRounds "11"]
[EventCountry "HUN"]
[SourceTitle "EXT 2011"]
[Source "ChessBase"]
[SourceDate "2010.11.26"]
[SourceVersion "1"]
[SourceVersionDate "2010.11.26"]
[SourceQuality "1"]
[WhiteTeam "Zala Volan"]
[BlackTeam "HVSE Infraplan"]
[WhiteTeamCountry "HUN"]
[BlackTeamCountry "HUN"]

1. Nf3 Nf6 2. b3 g6 3. Bb2 Bg7 4. d4 0-0 5. c4 d6 6. Nc3 Nbd7 7. e4 e5 8. dxe5 dxe5 9. Qc2 Re8 10. Rd1 c6 11. Be2 Nh5 12. 0-0 Nf4 13. Rfe1 Qf6 14. Bc1 Nf8 15. Bxf4 exf4 16. e5 Qe7 17. Rd4 g5 18. h3 h5 19. Nh2 Qxe5 20. Nf3 Qa5 21. b4 Qxb4 22. Rb1 Qa5 23. Rbd1 c5 24. R4d3 Bf5 25. Nd5 Bxd3 26. Bxd3 g4 27. hxg4 hxg4 28. Nh2 Re1+ 29. Bf1 g3 30. fxg3 Bd4+ 31. Rxd4 cxd4 32. Nf6+ Kg7 33. Nhg4 d3 34. Qxd3 Rd8 35. Nd5 Qc5+ 36. Kh2 Rc1 37. Qf5 fxg3+ 38. Kh3 Rd6 39. Qe5+ f6 40. Qe7+ Kg6 41. Bd3+ Kh5 42. Ngxf6+ Kg5 43. Nh5+ 1-0

[Event "HUN-chT2 Szechenyi 0910"]
[Site "Hungary"]
[Date "2010.01.17"]
[Round "4.4"]
[White "Tamas, Gyorgy"]
[Black "Mihalyfi, Gabor"]
[Result "1/2-1/2"]
[WhiteElo "2128"]
[BlackElo "2082"]
[PlyCount "120"]
[EventDate "2009.11.08"]
[EventType "team-tourn"]
[EventRounds "11"]
[EventCountry "HUN"]
[SourceTitle "EXT 2011"]
[Source "ChessBase"]
[SourceDate "2010.11.26"]
[SourceVersion "1"]
[SourceVersionDate "2010.11.26"]
[SourceQuality "1"]
[WhiteTeam "Zala Volan"]
[BlackTeam "Ajka Banyasz"]
[WhiteTeamCountry "HUN"]
[BlackTeamCountry "HUN"]

1. Nf3 d5 2. b3 Nf6 3. Bb2 Bg4 4. Ne5 Bf5 5. e3 h6 6. Be2 Nbd7 7. f4 e6 8. d3 Bc5 9. d4 Bb4+ 10. c3 Bd6 11. Nd2 Qe7 12. 0-0 0-0-0 13. c4 Bb4 14. c5 Bxd2 15. Qxd2 Nxe5 16. fxe5 Ne4 17. Qa5 c6 18. Qxa7 Qc7 19. Bd3 Rhf8 20. Bxe4 Bxe4 21. Bc3 Qb8 22. Qb6 Rd7 23. Ba5 Qa8 24. a4 Qa6 25. b4 Qxb6 26. Bxb6 Re7 27. b5 Kd7 28. Rf2 Ra8 29. bxc6+ Kxc6 30. a5 Bd3 31. Rd1 Bc4 32. Rdd2 Rd7 33. Rf4 Re7 34. Rdf2 Rf8 35. Rg4 Rg8 36. Rf6 h5 37. Rg3 Bd3 38. Rf2 Be4 39. Ra2 Bd3 40. Ra3 Bc4 41. Rg5 g6 42. Rc3 Ra8 43. Rc2 Bd3 44. Rf2 Rh8 45. Rf4 Be4 46. Kf2 Kd7 47. Kg3 Rh7 48. h4 Bf5 49. Rf2 Rh8 50. Ra2 Ra8 51. Kf4 Bg4 52. Kg3 Kc6 53. Rf2 Rh8 54. Kf4 Rg8 55. Ra2 Ra8 56. Rxg4 hxg4 57. Kxg4 Ree8 58. Kg5 Rh8 59. g4 Rh7 60. Rh2 Rah8 1/2-1/2